| 000 -ლიდერი |
| ფიქსირებული სიგრძის საკონტროლო ველი |
01438nam a22002417a 4500 |
| 003 - საკონტროლო ნომრის იდენტიფიკატორი |
| საკონტროლო ველი |
Ge_BSU |
| 005 - ბოლო ოპერაციის თარიღი და დრო |
| საკონტროლო ველი |
20200825140446.0 |
| 008 - ფიქსირებული სიგრძის მონაცემთა ელემენტები - ზოგადი ინფორმაცია |
| ფიქსირებული სიგრძის საკონტროლო ველი |
200825s2012 ge ||||| |||| 00| 0 geo d |
| 041 ## - ენის კოდი |
| Language code of text/sound track or separate title |
geo |
| 080 ## - უნივერსალური ათობითი კლასიფიკაციის ინდექსი |
| Universal Decimal Classification number |
340.12(075.8) ლ-77 |
| 100 ## - მთავარი ჩანაწერი - პიროვნების სახელი |
| Personal name |
ლობჟანიძე, გივი, ავტორი. |
| 9 (RLIN) |
9330 |
| 245 ## - ცნობა სათაურის შესახებ |
| Title |
შესავალი სამართლის ფილოსოფიაში : |
| Remainder of title |
[სახელმძღვ. იურიდ. ფაკ. სტუდ.] / |
| Statement of responsibility, etc |
გივი ლობჟანიძე, ავთანდილ ტუკვაძე, გიორგი ჯაოშვილი ; [რედ.: ოთარ გამყრელიძე, გერონტი შუშანაშვილი]. |
| 264 ## - წარმოების, გამოცემის, დისტრიბუციის და სხვა ცნობები |
| გამოცემის, წარმოების, დისტრიბუციის... ადგილი |
თბ., |
| გამოცემის, წარმოების, დისტრიბუციის... თარიღი |
2006. |
| 300 ## - ფიზიკური აღწერა |
| Extent |
271 გვ. ; |
| Other physical details |
20 სმ. |
| 504 ## - BIBLIOGRAPHY, ETC. NOTE |
| Bibliography, etc |
ბიბლიოგრ. ტექსტ. შენიშვნ. და გვ. 260-267. |
| 653 ## - INDEX TERM--UNCONTROLLED |
| Uncontrolled term |
სამართლის ფილოსოფია |
| 653 ## - INDEX TERM--UNCONTROLLED |
| Uncontrolled term |
სამართალი |
| 700 ## - ADDED ENTRY--PERSONAL NAME |
| Personal name |
ტუკვაძე, ავთანდილ |
| Relator term |
ავტორი |
| 9 (RLIN) |
6697 |
| 700 ## - ADDED ENTRY--PERSONAL NAME |
| Personal name |
ჯაოშვილი, გიორგი |
| Relator term |
ავტორი |
| 9 (RLIN) |
9331 |
| 700 ## - ADDED ENTRY--PERSONAL NAME |
| Personal name |
გამყრელიძე, ოთარ |
| Relator term |
რედაქტორი |
| 9 (RLIN) |
2834 |
| 700 ## - ADDED ENTRY--PERSONAL NAME |
| Personal name |
შუშანაშვილი, გერონტი |
| Relator term |
რედაქტორი |
| 9 (RLIN) |
385 |
| 942 ## - ADDED ENTRY ELEMENTS (KOHA) |
| Source of classification or shelving scheme |
|
| Koha item type |
წიგნი |